Inspeção preliminar - Statistics

Estatísticas Gerais
  • Esse quiz foi jogado 76 vezes
  • A pontuação média é 16 de 19
Estatísticas das Respostas
Hint Resposta % Correto
7 Bagageiro nenhum objeto solto
100%
2 Equipamento de voo verificado
100%
8 Extintor de incêndio fixação e pressão
100%
9 Óleo hidráulico verificar nível e ausência de bolhas
100%
5 Para-brisa estado geral e limpeza
100%
1 Relatório de voo verificado
100%
3 Trava dos comandos removida
100%
4 Travas superiores do capô borboletas alinhadas
100%
13 Bateria ligar
86%
6 Capota estado geral, limpeza, fixação do Sandow, alavanca de emergência frenada
86%
15 Corte hidráulico frenado
86%
10 Gasolina tanque principal direito
86%
12 Horizonte artificial desligado e travado
86%
11 Magnetos desligados
86%
14 Compensador checar funcionamento e deixar em neutro
71%
17 Flapes em neutro, indicador de posição em cima, luz de aviso apagada
71%
16 Liquidômetros verificar indicações, não confiáveis
71%
19 Bateria desligar
43%
18 Trem comando para baixo ultrapassando o ressalto, luzes verdes acesas e vermelhas apagadas, pressionar e checar fixação, interruptor de emergência para direita e frenado
43%
Nenhum quiz correspondente encontrado
Distribuição das Pontuações
Porcentagem de Pessoas com Cada Pontuação
Percentil de Números Respondidos
Sua Pontuação Histórica
Você não jogou esse quiz